书目信息 |
| 题名: |
银联改变生活
|
|
| 作者: | ;中国银联公司 编 | |
| 分册: | ||
| 出版信息: | 北京 中国财政经济出版社 2012 |
|
| 页数: | 201页 | |
| 开本: | 24cm | |
| 丛书名: | ||
| 单 册: | ||
| 中图分类: | F832.2 | |
| 科图分类: | ||
| 主题词: | 银行业务--中国 , 银行业务 | |
| 电子资源: | ||
| ISBN: | 978-7-5095-3352-9 | |
| 000 | 00819nam0 2200241 450 | |
| 001 | 012001001777 | |
| 005 | 20140921103355.0 | |
| 010 | @a978-7-5095-3352-9@dCNY60.00 | |
| 100 | @a20130127d2012 em y0chiy50 ea | |
| 101 | 0 | @achi |
| 102 | @aCN@b110000 | |
| 105 | @aa z 000yy | |
| 106 | @ar | |
| 200 | 1 | @a银联改变生活@9yin lian gai bian sheng huo@f中国银联上海分公司编 |
| 210 | @a北京@c中国财政经济出版社@d2012 | |
| 215 | @a201页@c彩图,彩照@d24cm | |
| 330 | @a本书介绍了与消费者联系最为紧密的银行卡的方方面面,从开卡、刷卡到了风险防范以及各种优惠活动,全面展示了中国银联发展的光辉足迹。 | |
| 606 | 0 | @a银行业务@y中国 |
| 606 | 0 | @a银行业务 |
| 690 | @aF832.2@v5 | |
| 711 | 02 | @a中国银联公司@9zhong guo yin lian gong si@b上海分公司@4编 |
| 801 | 0 | @aCN@b上海新华@c20180901 |
| 905 | @b1044359-63@dF832.2@e176@f5 | |
| 银联改变生活/中国银联上海分公司编.-北京:中国财政经济出版社,2012 |
| 201页:彩图,彩照;24cm |
| ISBN 978-7-5095-3352-9:CNY60.00 |
| 本书介绍了与消费者联系最为紧密的银行卡的方方面面,从开卡、刷卡到了风险防范以及各种优惠活动,全面展示了中国银联发展的光辉足迹。 |
| ● |
| 相关链接 |
|
|
|
|
正题名:银联改变生活
索取号:F832.2/176
 
预约/预借
| 序号 | 登录号 | 条形码 | 馆藏地/架位号 | 状态 | 备注 |
| 1 | 1044359 | 210443590 | 第一样本阅览室/ [索取号:F832.2/176] | 在馆 | |
| 2 | 1044360 | 210443607 | 密集书库-海洋学院/ [索取号:F832.2/176] | 在馆 | |
| 3 | 1044361 | 210443616 | 第一借阅区/ [索取号:F832.2/176] | 在馆 | |
| 4 | 1044362 | 210443625 | 第一借阅区/ [索取号:F832.2/176] | 在馆 | |
| 5 | 1044363 | 210443634 | 第一借阅区/ [索取号:F832.2/176] | 在馆 |